| 000 | 01070nam a22002537a 4500 | ||
|---|---|---|---|
| 008 | 240610b mp ||||| |||| 00| 0 mon d | ||
| 020 | _a978-99973-1-615-8 | ||
| 035 | _a25411 | ||
| 040 |
_aHUV0167120 _bmon _cMN-UlNLM _dMN-UlNLM _erda |
||
| 041 | _amon | ||
| 042 | _a66589 | ||
| 084 |
_2NNA _a84.8(7АНУ) _bК.41 |
||
| 100 | _aКинни Ж. | ||
| 245 | 0 | _aДүрсгүй жаалын өдрийн тэмдэглэл:Нохой гаслам халуун өдрүүд=Diary of a Wimpy kid | |
| 264 |
_aУлаанбаатар _bЦэнхэр гүзээлзгэнэ ХХК _c2018 |
||
| 300 | _a270х. | ||
| 336 |
_2rdacontent _atext _btxt |
||
| 337 |
_2rdamedia _aunmediated _bn |
||
| 338 |
_2rdacarrier _avolume _bnc |
||
| 490 | _v7 | ||
| 650 | _a...Дунд сургуульд тохиолдсон адал явдлуудын тухай Грегийн тэмдэглэл. Зуны амралт боллоо. Цаг агаар дулаарч хүүхдүүд гадаа тоглоц... | ||
| 942 |
_2NNA _cBK |
||
| 999 |
_c1057475 _d1057532 |
||